Mastodonia

Đã lưu trong:
Chi tiết về thư mục
Tác giả chính: Clifford D. Simak
Định dạng: Sách
Ngôn ngữ:Tiếng không xác định
Được phát hành: Mondatori
Các nhãn: Thêm thẻ
Không có thẻ, Là người đầu tiên thẻ bản ghi này!

MARC

LEADER 00000nam a2200000Ia 4500
001 R-1815
003 CODICE-MESSINA
005 20260212102522.0
008 260211s9999 xx 000 0 und d
040 |c importazione_messina 
100 |a Clifford D. Simak 
245 0 |a Mastodonia 
260 |b Mondatori 
942 |2 ddc  |c BK 
952 |0 0  |1 0  |2 ddc  |4 0  |6 SCAFFALE_18_000000000000000__STANZA_2__ROMANZI  |7 0  |9 32656  |a ME  |b ME  |d 2026-02-11  |l 0  |o SCAFFALE 18 - STANZA 2 - ROMANZI  |p R-1815  |r 2026-02-11 23:53:19  |w 2026-02-11  |x [REVISIONARE]  |y BK 
999 |c 28323  |d 28323